000 01080nac a22003011i 4500
003 EG-ScBUE
005 20250218100416.0
008 100906t1984 nyua f b 001 0 eng d
020 _a0070484686
040 _aEG-ScBUE
_beng
_erda
_cEG-ScBUE
_dEG-ScBUE
082 0 4 _a519.2
_bPAP
_222
100 _aPapoulis, Athanasios,
_d1921-2002,
_eauthor.
_918423
245 1 0 _aProbability, random variables, and stochastic processes /
_cAthanasios Papoulis, Polytechnic Institute of New York.
250 _aSecond edition.
264 1 _aNew York :
_bMcGraw-Hill Book Company,
_c[1984]
264 4 _cc1984
300 _axv, 576 pages :
_billustrations ;
_c25 cm.
336 _2rdacontent
_atext
_btxt
337 _aunmediated
_2rdamedia
_bn
338 _avolume
_bnc
_2rdacarrier
490 0 _aMcGraw-Hill series in electrical engineering
504 _aIncludes bibliographical references and index.
650 7 _aProbabilities.
_2BUEsh
_918425
650 7 _aRandom variables.
_918426
_2BUEsh
650 7 _aStochastic processes.
_918427
_2BUEsh
655 _vReading book
942 _cBB
_2ddc
999 _c3877
_d3877